000 00806cam a2200265u 4500
001 897
003 BD-RjUL
005 20211208233238.0
008 131123s1962 enk 000 0 eng
035 _a(BD-RjUL)
040 _aDLC
_cCarP
_dDLC
_beng
041 _aeng
082 0 4 _216
_a027.7
_bCAM 1962
245 1 0 _aCambridge college libraries :
_baids for research students /
_cA. N. L. Munby
250 _a2d ed.,
260 _aCambridge [Eng.] :
_bW. Heffer,
_c1962.
300 _axv, 56 p. ;
_c22 cm.
526 _bInformation Science and Library Management
610 2 0 _aUniversity of Cambridge
_94686
650 0 _aResearch
_zEngland
_zCambridge
_xMethodology.
_92669
700 _aMunby, A. N. L.
_q(Alan Noel Latimer),
_92667
942 _2ddc
_cBK
999 _c897
_d897